[Event "Twente Young Master op-D"]
[Site "Twente"]
[Date "2007.08.10"]
[Round "11"]
[White "Goedegebuur, Richard"]
[Black "Lentjes, Noud"]
[Result "0-1"]
[WhiteElo "1507"]
[BlackElo "1697"]
[PlyCount "54"]
[EventDate "2007.08.06"]
[EventType "swiss"]
[EventRounds "13"]
[EventCountry "NED"]
[SourceTitle "EXT 2008"]
[Source "ChessBase"]
[SourceDate "2007.11.25"]
[SourceVersion "1"]
[SourceVersionDate "2007.11.25"]
[SourceQuality "1"]

1. e4 e6 2. d4 d5 3. e5 c5 4. c3 Nc6 5. a3 Qb6 6. Nf3 Nge7 7. g3 cxd4 8. cxd4 Nf5 9. Qa4 Nfxd4 10. Nxd4 Qxd4 11. Qxd4 Nxd4 12. Kd1 Nb3 13. Ra2 Nxc1 14. Kxc1 Bd7 15. Nc3 Rc8 16. Kd2 a6 17. Bd3 Bc6 18. Rc1 Be7 19. Ne2 0-0 20. Nd4 Bd7 21. Re1 Bc5 22. Nf3 Bxf2 23. Rf1 Bb6 24. g4 Rc7 25. h4 Bb5 26. Bxb5 axb5 27. Ne1 Rc4 0-1

[Event "Twente Young Master op-D"]
[Site "Twente"]
[Date "2007.08.08"]
[Round "5"]
[White "Ephraim, Floris"]
[Black "Goedegebuur, Richard"]
[Result "0-1"]
[WhiteElo "1102"]
[BlackElo "1507"]
[PlyCount "31"]
[EventDate "2007.08.06"]
[EventType "swiss"]
[EventRounds "13"]
[EventCountry "NED"]
[SourceTitle "EXT 2008"]
[Source "ChessBase"]
[SourceDate "2007.11.25"]
[SourceVersion "1"]
[SourceVersionDate "2007.11.25"]
[SourceQuality "1"]

1. e4 c5 2. Nf3 Nc6 3. c3 Nf6 4. d4 cxd4 5. cxd4 Nxe4 6. Bc4 e6 7. d5 Qa5+ 8. Nc3 Nxc3 9. bxc3 Qxc3+ 10. Nd2 Qxa1 11. dxc6 bxc6 12. Qc2 Qe5+ 13. Ne4 Bb4+ 14. Kf1 d5 15. Bb2 Qxe4 16. Be2 0-1

[Event "Twente Young Master op-D"]
[Site "Twente"]
[Date "2007.08.08"]
[Round "7"]
[White "Goedegebuur, Richard"]
[Black "Ratsma, Midas"]
[Result "0-1"]
[WhiteElo "1507"]
[BlackElo "1534"]
[PlyCount "105"]
[EventDate "2007.08.06"]
[EventType "swiss"]
[EventRounds "13"]
[EventCountry "NED"]
[SourceTitle "EXT 2008"]
[Source "ChessBase"]
[SourceDate "2007.11.25"]
[SourceVersion "1"]
[SourceVersionDate "2007.11.25"]
[SourceQuality "1"]

1. e4 e6 2. d4 d5 3. exd5 exd5 4. Nf3 Nf6 5. Bg5 Be7 6. Nc3 Bg4 7. h3 Bh5 8. Be2 0-0 9. 0-0 Nbd7 10. Qd3 Bg6 11. Qd2 Ne4 12. Nxe4 dxe4 13. Bxe7 Qxe7 14. Ne1 Rfe8 15. Qe3 Nb6 16. c3 Nd5 17. Qg3 f5 18. Bc4 c6 19. Nc2 Kh8 20. Bxd5 cxd5 21. Rae1 Rf8 22. Qf4 Be8 23. Re3 g5 24. Qe5+ Qxe5 25. dxe5 f4 26. Ree1 Bb5 27. Nb4 Bxf1 28. Rxf1 Rad8 29. Rd1 Rfe8 30. Nxd5 Rxe5 31. c4 b5 32. b3 bxc4 33. bxc4 e3 34. fxe3 fxe3 35. Re1 Re4 36. Nxe3 Rd3 37. Kf2 Rd2+ 38. Kf3 Rf4+ 39. Kg3 Rd3 40. Re2 Rxc4 41. Kf2 Rf4+ 42. Kg3 h5 43. Re1 h4+ 44. Kh2 Re4 45. Nc2 Rxe1 46. Nxe1 Ra3 47. Nf3 Rxa2 48. Nxg5 a5 49. Ne4 Rc2 50. Nd6 a4 51. Nb5 Rb2 52. Na3 Rb3 53. Nc2 0-1

[Event "Twente Young Master op-D"]
[Site "Twente"]
[Date "2007.08.07"]
[Round "3"]
[White "Meng, Roger"]
[Black "Goedegebuur, Richard"]
[Result "1-0"]
[WhiteElo "1827"]
[BlackElo "1507"]
[PlyCount "109"]
[EventDate "2007.08.06"]
[EventType "swiss"]
[EventRounds "13"]
[EventCountry "NED"]
[SourceTitle "EXT 2008"]
[Source "ChessBase"]
[SourceDate "2007.11.25"]
[SourceVersion "1"]
[SourceVersionDate "2007.11.25"]
[SourceQuality "1"]

1. e4 c5 2. Nf3 Nc6 3. d4 cxd4 4. Nxd4 Nf6 5. Nc3 e6 6. Ndb5 Bb4 7. Bf4 Nxe4 8. Qf3 Nxc3 9. bxc3 Ba5 10. Nd6+ Ke7 11. 0-0-0 Bc7 12. Qg3 Kf8 13. Nxf7 Kxf7 14. Bxc7 Qf6 15. Rd3 Qh6+ 16. Kb1 Re8 17. Rf3+ Kg8 18. Qd6 Qg5 19. h4 Qe7 20. Bd3 b6 21. Rd1 Qxd6 22. Bxd6 Bb7 23. Be4 Na5 24. Bxb7 Nxb7 25. Rg3 Nxd6 26. Rxd6 Re7 27. Rgd3 Rd8 28. Kb2 Kf8 29. Kb3 Rf7 30. f3 Ke7 31. Kc4 Rf4+ 32. R6d4 Rf5 33. g4 Re5 34. f4 Re1 35. Kb5 Ra1 36. a4 Ra2 37. Ka6 Rxc2 38. Kxa7 Rb2 39. Rb4 Rg2 40. g5 Rh2 41. Kxb6 Rxh4 42. a5 Rb8+ 43. Kc7 Rxb4 44. cxb4 Rxf4 45. Rxd7+ Ke8 46. Rxg7 Rxb4 47. a6 Ra4 48. Kb7 Rb4+ 49. Kc8 Ra4 50. a7 e5 51. Kb8 Rb4+ 52. Rb7 Rd4 53. a8Q Rd8+ 54. Ka7 Rxa8+ 55. Kxa8 1-0

[Event "NED-ch U13"]
[Site "Rijswijk"]
[Date "2007.05.19"]
[Round "7"]
[White "Goedegebuur, Richard"]
[Black "Veltkamp, Bastiaan"]
[Result "0-1"]
[WhiteElo "1556"]
[BlackElo "1533"]
[PlyCount "88"]
[EventDate "2007.05.17"]
[EventType "swiss"]
[EventRounds "9"]
[EventCountry "NED"]
[SourceTitle "EXT 2009"]
[Source "ChessBase"]
[SourceDate "2008.11.26"]
[SourceVersion "1"]
[SourceVersionDate "2008.11.26"]
[SourceQuality "1"]

1. e4 c5 2. Nf3 Nc6 3. d4 cxd4 4. Nxd4 Nf6 5. Nc3 d6 6. Bb5 Bd7 7. Bg5 e6 8. 0-0 Be7 9. Nf3 a6 10. Ba4 Qc7 11. Rb1 0-0 12. Re1 Rfd8 13. Qd2 Na5 14. Bxd7 Rxd7 15. h3 Nc4 16. Qd3 Rc8 17. Bd2 b5 18. Rec1 d5 19. exd5 Nxd5 20. Nxd5 Rxd5 21. Qe2 Nxd2 22. Nxd2 Bg5 23. Nf3 Bxc1 24. Rxc1 Qc4 25. Qxc4 Rxc4 26. Kf1 Kf8 27. b3 Rc3 28. Ke2 b4 29. Ne1 Ke7 30. Ra1 Kf6 31. a4 a5 32. Rd1 Rxd1 33. Kxd1 e5 34. Kd2 e4 35. Ke2 Ke5 36. Kd2 f5 37. Ke2 f4 38. Kd2 h5 39. Ke2 g5 40. Kd2 h4 41. Ke2 Kf5 42. Kd2 g4 43. Ke2 gxh3 44. gxh3 Rxh3 0-1

[Event "NED-ch U13"]
[Site "Rijswijk"]
[Date "2007.05.18"]
[Round "5"]
[White "Ng, Wesley"]
[Black "Goedegebuur, Richard"]
[Result "1/2-1/2"]
[WhiteElo "1399"]
[BlackElo "1556"]
[PlyCount "44"]
[EventDate "2007.05.17"]
[EventType "swiss"]
[EventRounds "9"]
[EventCountry "NED"]
[SourceTitle "EXT 2009"]
[Source "ChessBase"]
[SourceDate "2008.11.26"]
[SourceVersion "1"]
[SourceVersionDate "2008.11.26"]
[SourceQuality "1"]

1. e4 c5 2. Nf3 Nc6 3. Bc4 e6 4. Nc3 Nf6 5. d3 a6 6. a3 d5 7. exd5 exd5 8. Ba2 Bg4 9. Bg5 d4 10. Ne4 Be7 11. Qe2 Nxe4 12. Qxe4 Bxf3 13. Qxf3 0-0 14. Bf4 Bd6 15. 0-0 Qc7 16. Bxd6 Qxd6 17. Rfe1 Qd7 18. Re2 Rae8 19. Rae1 Rxe2 20. Rxe2 Nd8 21. h3 Ne6 22. Qf5 Re8 1/2-1/2

[Event "NED-ch U13"]
[Site "Rijswijk"]
[Date "2006.05.26"]
[Round "5"]
[White "Goedegebuur, Richard"]
[Black "Beeren, Thom"]
[Result "0-1"]
[WhiteElo "1563"]
[BlackElo "1502"]
[PlyCount "40"]
[EventDate "2006.05.25"]
[EventType "swiss"]
[EventRounds "9"]
[EventCountry "NED"]
[SourceTitle "EXT 2009"]
[Source "ChessBase"]
[SourceDate "2008.11.26"]
[SourceVersion "1"]
[SourceVersionDate "2008.11.26"]
[SourceQuality "1"]

1. e4 e5 2. Nf3 Nc6 3. d4 exd4 4. Nxd4 Bc5 5. Be3 Bxd4 6. Bxd4 Nxd4 7. Qxd4 Qf6 8. c3 d6 9. Bc4 Qg6 10. 0-0 Bh3 11. g3 Bxf1 12. Kxf1 Nf6 13. e5 Ne4 14. Na3 0-0 15. Re1 Ng5 16. Nb5 Nf3 17. Qe3 Nxe1 18. Qxe1 dxe5 19. Qxe5 Qc6 20. Be2 Qh1# 0-1

[Event "NED-ch U13"]
[Site "Rijswijk"]
[Date "2006.05.26"]
[Round "4"]
[White "Goedegebuur, Richard"]
[Black "Van der Lende, Ilias"]
[Result "0-1"]
[WhiteElo "1563"]
[BlackElo "1807"]
[PlyCount "98"]
[EventDate "2006.05.25"]
[EventType "swiss"]
[EventRounds "9"]
[EventCountry "NED"]
[SourceTitle "EXT 2009"]
[Source "ChessBase"]
[SourceDate "2008.11.26"]
[SourceVersion "1"]
[SourceVersionDate "2008.11.26"]
[SourceQuality "1"]

1. e4 e6 2. d4 d5 3. exd5 exd5 4. Nf3 Nc6 5. Be3 Bg4 6. Bb5 Nf6 7. Nc3 Bb4 8. 0-0 0-0 9. Bg5 Bxf3 10. gxf3 h6 11. Bh4 g5 12. Bg3 Nh5 13. Kh1 f5 14. Bxc6 Nxg3+ 15. fxg3 bxc6 16. Qd3 Qf6 17. Rfe1 Rfe8 18. a3 Ba5 19. Qd2 Bb6 20. Ne2 Re6 21. c3 Rae8 22. Ng1 Qe7 23. Rxe6 Qxe6 24. Rf1 Kg7 25. Rf2 Qe1 26. Qxe1 Rxe1 27. Re2 Rxe2 28. Nxe2 c5 29. Kg2 cxd4 30. Nxd4 Kf6 31. f4 c5 32. Nf3 Bc7 33. fxg5+ hxg5 34. Kf2 g4 35. Ne1 Bb6 36. Kg2 d4 37. cxd4 cxd4 38. h4 gxh3+ 39. Kxh3 Ke5 40. Nf3+ Ke4 41. Nd2+ Kd3 42. Nf1 Ke2 43. Kg2 d3 44. b4 d2 45. Nxd2 Kxd2 46. a4 Kc3 47. a5 Bc7 48. b5 Bb8 49. b6 a6 0-1

[Event "NED-ch U13"]
[Site "Rijswijk"]
[Date "2006.05.26"]
[Round "6"]
[White "Vervoort, Levente"]
[Black "Goedegebuur, Richard"]
[Result "1-0"]
[WhiteElo "1338"]
[BlackElo "1563"]
[PlyCount "49"]
[EventDate "2006.05.25"]
[EventType "swiss"]
[EventRounds "9"]
[EventCountry "NED"]
[SourceTitle "EXT 2009"]
[Source "ChessBase"]
[SourceDate "2008.11.26"]
[SourceVersion "1"]
[SourceVersionDate "2008.11.26"]
[SourceQuality "1"]

1. e4 e5 2. Nf3 Nc6 3. Bb5 Bc5 4. c3 Nf6 5. 0-0 d6 6. h3 Bd7 7. d4 exd4 8. cxd4 Bb6 9. Nc3 0-0 10. Bg5 Kh8 11. e5 h6 12. exf6 hxg5 13. Nxg5 Qxf6 14. Qh5+ Qh6 15. Nxf7+ Rxf7 16. Qxf7 Bxh3 17. gxh3 Qxh3 18. Qf4 Bxd4 19. Qh2 Qxh2+ 20. Kxh2 Rf8 21. Bxc6 bxc6 22. Kg3 Be5+ 23. f4 Rxf4 24. Rxf4 g5 25. Ne2 1-0